| 000 | 02154nam1a2200433 i 4500 | ||
|---|---|---|---|
| 001 | RU\NLR\bibl\1197361 | ||
| 005 | 20260405103140.0 | ||
| 010 |
_a978-5-8114-0662-3 _bобщий |
||
| 035 | _a(NLR Aleph) 001183880 | ||
| 090 |
_a1674566 _c1674566 |
||
| 100 | _a20080305g20079999u y0rusy50 ca | ||
| 101 | 0 | _arus | |
| 102 | _aRU | ||
| 105 | _a||||j ||||| | ||
| 200 | 1 |
_aКурс общей физики _dA course in general physics _eучебник _e[для студентов технических вузов и университетов _eв 3 т.] _fС.Э. Фриш, А.В. Тиморева _zeng |
|
| 205 | _aИзд. 12-е, стер. | ||
| 210 |
_aСанкт-Петербург [и др.] _cЛань _d2007 |
||
| 215 | _d21 | ||
| 225 | 1 | _aКлассическая учебная литература по физике | |
| 225 | 1 | _aЛучшие классические учебники | |
| 225 | 1 | _aЗнание. Уверенност. Успех! | |
| 225 | 1 |
_aУчебники для вузов _iСпециальная литература |
|
| 300 | _aАвт. также на англ. яз.: S.E. Frish, A.V. Timoreva | ||
| 300 | _aНа 4-й с. обл. 1-й авт.: С.Э. Фриш проф., д.ф.-м.н., чл.-корр. АН СССР | ||
| 463 | 0 | _10011171072 | |
| 463 | 0 | _10011344036 | |
| 510 | 0 |
_6z22790 _aA course in general physics _zeng |
|
| 606 | 1 |
_aФизика _jУчебники для высших учебных заведений _9898198 _3RU\NLR\auth\665898 |
|
| 686 | _aВ3я73-1 | ||
| 700 | 1 |
_4070 _8rus _7ca _aФриш _bС. Э. _f1899-1977 _gСергей Эдуардович _3RU\NLR\AUTH\7738814 _921798 |
|
| 701 | 1 |
_4070 _8rus _7ca _aТиморева _bА. В. _f1902-1995 _gАлександра Васильевна _3RU\NLR\auth\7738817 _921801 |
|
| 790 | 1 |
_4070 _8rus _7ba _aFriš _bS. É. _f1899-1977 _gSergej Éduardovič _3RU\NLR\auth\7738816 _921800 |
|
| 790 | 1 |
_4070 _8rus _7ba _aTimoreva _bA. V. _f1902-1995 _gAleksandra Vasil'evna _3RU\NLR\auth\7738819 _921803 |
|
| 801 | 0 |
_aRU _bNLR _c20080305 _gRCR |
|
| 801 | 1 |
_aRU _bNLR _c20080305 |
|
| 852 |
_aNLR _j2007-3/35464 |
||
| 942 | _cBOOK | ||